Rodinná klientela

Rodiny s deťmi ako hoteloví hostia. Označenie hotela nápisom "Vstúpte s dieťaťom". Vybavenie hotelovej izby. Služby v reštaurácii. Ponuka detských aktivít. Dobrodružstvo a zážitky. Príklady slovenských hotelov, ktoré sú pripravené na prijatie rodín s deťmi.

Gespeichert in:
Bibliographische Detailangaben
1. Verfasser: Lacková, Magdaléna
Format: Buchkapitel
Sprache:Slowakisch
Schlagworte:
Tags: Tag hinzufügen
Keine Tags, Fügen Sie das erste Tag hinzu!

MARC

LEADER 00000naa a2200000 4500
001 0156577
005 20231011125719.9
041 0 |a slo 
044 |a SK 
245 1 0 |a Rodinná klientela  |c Magdaléna Lacková 
520 |a Rodiny s deťmi ako hoteloví hostia. Označenie hotela nápisom "Vstúpte s dieťaťom". Vybavenie hotelovej izby. Služby v reštaurácii. Ponuka detských aktivít. Dobrodružstvo a zážitky. Príklady slovenských hotelov, ktoré sú pripravené na prijatie rodín s deťmi. 
610 2 0 |a ruch cestovný 
610 2 0 |a služby 
610 2 0 |a ubytovanie 
610 2 0 |a stravovanie spoločné 
610 2 0 |a hotely 
610 2 0 |a rodina 
610 2 0 |a deti 
610 2 0 |a Slovensko 
100 1 |a Lacková, Magdaléna